[Event "IECC CL6-2013.01 email"]
[Site "IECC email"]
[Date "2013.03.06"]
[Round "?"]
[White "Butcher, Robert Evan Sr"]
[Black "Nelson, Anthony E"]
[Result "0-1"]
[WhiteElo "1049"]
[BlackElo "1383"]
[PlyCount "56"]
[EventDate "2013.??.??"]
[EventType "tourn (corr)"]
[EventRounds "4"]
[SourceTitle "Telechess CBM 165"]
[Source "ChessBase"]
[SourceDate "2015.03.11"]
[SourceVersion "1"]
[SourceVersionDate "2015.03.11"]
[SourceQuality "1"]
[BlackTeam "US of America"]
[BlackTeamCountry "USA"]

1. e4 e6 2. d4 d5 3. e5 c5 4. Nf3 Nc6 5. Nc3 cxd4 6. Nxd4 Nxe5 7. Bf4 Ng6 8. Bg3 a5 9. Bb5+ Bd7 10. Bxd7+ Kxd7 11. Ncb5 Rc8 12. c3 Qb6 13. 0-0 Nf6 14. a4 h5 15. h3 Bc5 16. Nb3 Ne4 17. Nxc5+ Qxc5 18. Kh2 h4 19. Nd4 hxg3+ 20. fxg3 Ne5 21. Rf4 g5 22. Rf1 f5 23. Ra3 Ng4+ 24. Kg1 Ne3 25. Qf3 Nxf1 26. Qxf1 Nxc3 27. Qf3 Qxd4+ 28. Kh1 Ne4 0-1

[Event "IECC CL7-2012.13 email"]
[Site "IECC email"]
[Date "2012.12.12"]
[Round "?"]
[White "Bearce, Harold L"]
[Black "Butcher, Robert Evan Sr"]
[Result "0-1"]
[WhiteElo "1074"]
[BlackElo "1092"]
[PlyCount "104"]
[EventDate "2012.??.??"]
[EventType "tourn (corr)"]
[EventRounds "4"]
[SourceTitle "Telechess CBM 165"]
[Source "ChessBase"]
[SourceDate "2015.03.11"]
[SourceVersion "1"]
[SourceVersionDate "2015.03.11"]
[SourceQuality "1"]
[WhiteTeam "US of America"]
[WhiteTeamCountry "USA"]

1. e4 c5 2. Nf3 Nc6 3. d4 cxd4 4. Nxd4 e5 5. Nb5 a6 6. Nd6+ Bxd6 7. Qxd6 Nge7 8. a3 Nd4 9. Bd3 Nec6 10. Qc5 d6 11. Qc3 Bg4 12. f3 Nxf3+ 13. gxf3 Qh4+ 14. Ke2 Nd4+ 15. Ke3 Bxf3 16. Rf1 Qg5+ 17. Kf2 Qg2+ 18. Ke1 Qxh2 19. Qd2 Qg3+ 20. Rf2 h5 21. Nc3 h4 22. Qg5 Qxg5 23. Bxg5 f6 24. Be3 h3 25. Rh2 Bg4 26. Bxd4 exd4 27. Nd1 0-0-0 28. Nf2 Be6 29. Kd2 d5 30. Rah1 g5 31. Nxh3 g4 32. Ng1 Rxh2+ 33. Rxh2 g3 34. Rh6 Rf8 35. Rg6 b5 36. Rxg3 Kc7 37. Ne2 Kd6 38. Nxd4 Bd7 39. Rf3 dxe4 40. Bxe4 Ke5 41. Ke3 f5 42. Bd3 f4+ 43. Ke2 Kxd4 44. Kd2 Bc6 45. Rf2 f3 46. Bf1 a5 47. b3 b4 48. axb4 axb4 49. Bc4 Ra8 50. Bd3 Bd5 51. Ke1 Ke3 52. Bh7 Ra1# 0-1

[Event "IECC CL7-2012.03 email"]
[Site "IECC email"]
[Date "2012.04.08"]
[Round "?"]
[White "Butcher, Robert Evan Sr"]
[Black "Garau, Bernard"]
[Result "0-1"]
[WhiteElo "1046"]
[BlackElo "1150"]
[PlyCount "58"]
[EventDate "2012.??.??"]
[EventType "tourn (corr)"]
[EventRounds "4"]
[SourceTitle "Telechess CBM 165"]
[Source "ChessBase"]
[SourceDate "2015.03.11"]
[SourceVersion "1"]
[SourceVersionDate "2015.03.11"]
[SourceQuality "1"]
[BlackTeam "France"]
[BlackTeamCountry "FRA"]

1. e4 e5 2. Nf3 Nc6 3. d4 exd4 4. Nxd4 Bc5 5. Be3 Qf6 6. c3 Nge7 7. Bb5 0-0 8. 0-0 a6 9. Ba4 Ne5 10. b4 Bb6 11. Nd2 d5 12. f4 Ng4 13. Qe2 a5 14. e5 Qh6 15. h3 Nxe3 16. Qxe3 Nf5 17. Qd3 axb4 18. Bc2 bxc3 19. N2f3 Qxf4 20. Rae1 Bxd4+ 21. Nxd4 Qxd4+ 22. Qxd4 Nxd4 23. Rc1 Ne2+ 24. Kf2 Nxc1 25. Rxc1 Rxa2 26. Ke3 c5 27. Bb3 d4+ 28. Kf3 Ra3 29. Ke2 Rxb3 0-1

[Event "IECC CL7-2012.03 email"]
[Site "IECC email"]
[Date "2012.04.08"]
[Round "?"]
[White "Campbell, Graham G"]
[Black "Butcher, Robert Evan Sr"]
[Result "1/2-1/2"]
[WhiteElo "1150"]
[BlackElo "1034"]
[PlyCount "67"]
[EventDate "2012.??.??"]
[EventType "tourn (corr)"]
[EventRounds "4"]
[SourceTitle "Telechess CBM 165"]
[Source "ChessBase"]
[SourceDate "2015.03.11"]
[SourceVersion "1"]
[SourceVersionDate "2015.03.11"]
[SourceQuality "1"]
[WhiteTeam "US of America"]
[WhiteTeamCountry "USA"]

1. e4 c5 2. Nf3 Nc6 3. d4 cxd4 4. Nxd4 e5 5. Nxc6 bxc6 6. Bc4 Nf6 7. 0-0 d5 8. exd5 cxd5 9. Bb3 Be7 10. Re1 e4 11. Bg5 Bb7 12. Nc3 0-0 13. Bxf6 Bxf6 14. Bxd5 Bxd5 15. Nxd5 Re8 16. Nxf6+ Qxf6 17. c3 h6 18. Qc2 Qc6 19. Rad1 Rac8 20. Rd4 Rcd8 21. Rxd8 Rxd8 22. h3 f5 23. Qb3+ Kh7 24. Rd1 Rxd1+ 25. Qxd1 a5 26. Qb3 a4 27. Qf7 Qc5 28. Qe6 h5 29. Qe8 Kh6 30. Qxa4 Qd5 31. Qa6+ g6 32. c4 Qd1+ 33. Kh2 Qd4 34. Qa3 1/2-1/2

[Event "IECC CL7-2012.02 email"]
[Site "IECC email"]
[Date "2012.02.29"]
[Round "?"]
[White "Butcher, Robert Evan Sr"]
[Black "Nubosi Pupin, Emmanuel"]
[Result "1-0"]
[WhiteElo "1072"]
[BlackElo "1035"]
[PlyCount "101"]
[EventDate "2012.??.??"]
[EventType "tourn (corr)"]
[EventRounds "4"]
[SourceTitle "Telechess CBM 165"]
[Source "ChessBase"]
[SourceDate "2015.03.11"]
[SourceVersion "1"]
[SourceVersionDate "2015.03.11"]
[SourceQuality "1"]
[BlackTeam "CMR"]

1. e4 e5 2. Nf3 Nc6 3. d4 Bb4+ 4. c3 Bd6 5. Bc4 Nf6 6. Bg5 0-0 7. 0-0 Na5 8. Bd3 exd4 9. e5 Be7 10. exf6 Bxf6 11. Bxf6 Qxf6 12. Nxd4 d6 13. Nd2 d5 14. Qa4 Nc6 15. Rae1 Rd8 16. N2f3 Bd7 17. Qb3 Na5 18. Qxd5 b6 19. Qg5 Qxg5 20. Nxg5 h6 21. Nh7 Kh8 22. Re7 c5 23. Nf3 f6 24. Nh4 Be8 25. Ng6+ Kxh7 26. Nf8+ Kh8 27. Be4 Kg8 28. Bxa8 Kxf8 29. Rxa7 Bb5 30. Re1 Rd7 31. Rxd7 Bxd7 32. Bd5 c4 33. b4 Nc6 34. Bxc4 Ne5 35. Bb3 Bc6 36. a4 g5 37. Rd1 Ke7 38. b5 Be4 39. f3 Bf5 40. h3 h5 41. Kh2 h4 42. Re1 Kf8 43. Rd1 Nd7 44. Ra1 Bd3 45. g3 Ne5 46. f4 Nf3+ 47. Kg2 Be4 48. Kf2 Nh2 49. fxg5 fxg5 50. a5 bxa5 51. Rxa5 1-0

[Event "IECC CL7-2012.01 email"]
[Site "IECC email"]
[Date "2012.02.02"]
[Round "?"]
[White "Banon Cifuentes, Enrique"]
[Black "Butcher, Robert Evan Sr"]
[Result "1-0"]
[WhiteElo "1000"]
[BlackElo "1103"]
[PlyCount "43"]
[EventDate "2012.??.??"]
[EventType "tourn (corr)"]
[EventRounds "4"]
[SourceTitle "Telechess CBM 165"]
[Source "ChessBase"]
[SourceDate "2015.03.11"]
[SourceVersion "1"]
[SourceVersionDate "2015.03.11"]
[SourceQuality "1"]
[WhiteTeam "Spain"]
[WhiteTeamCountry "ESP"]

1. e4 c5 2. Nf3 Nc6 3. d4 cxd4 4. Nxd4 e5 5. Nb5 d6 6. c4 a6 7. N5c3 Nf6 8. Be2 Nd4 9. Be3 Qb6 10. Na4 Qc6 11. Nbc3 Bg4 12. Bxg4 Nxg4 13. Qxg4 Nc2+ 14. Kd2 Nxa1 15. Nb6 Rb8 16. Rxa1 g6 17. Ncd5 Bg7 18. Bg5 Bf8 19. Nf6+ Ke7 20. Nbd5+ Kd8 21. Nd7+ Kc8 22. N7b6# 1-0

[Event "IECC CL7-2012.01 email"]
[Site "IECC email"]
[Date "2012.02.02"]
[Round "?"]
[White "Butcher, Robert Evan Sr"]
[Black "Dawkins, Arthur William"]
[Result "0-1"]
[WhiteElo "1067"]
[BlackElo "1029"]
[PlyCount "46"]
[EventDate "2012.??.??"]
[EventType "tourn (corr)"]
[EventRounds "4"]
[SourceTitle "Telechess CBM 165"]
[Source "ChessBase"]
[SourceDate "2015.03.11"]
[SourceVersion "1"]
[SourceVersionDate "2015.03.11"]
[SourceQuality "1"]

1. e4 d6 2. d4 Nf6 3. Nc3 c6 4. Nf3 Bg4 5. Bc4 e6 6. h3 Bh5 7. Qe2 Be7 8. g4 Bg6 9. Bd2 h6 10. 0-0-0 b5 11. Bb3 a5 12. a3 b4 13. Nb1 Bxe4 14. Rhe1 d5 15. Ne5 c5 16. f3 Bh7 17. dxc5 Bxc5 18. h4 a4 19. Ba2 Qc7 20. Qb5+ Nbd7 21. Nxd7 Nxd7 22. axb4 Bf2 23. Rh1 Qxc2# 0-1

[Event "IECC CL7-2011.05 email"]
[Site "IECC email"]
[Date "2011.09.09"]
[Round "?"]
[White "Butcher, Robert Evan Sr"]
[Black "Blanco, Gerardo"]
[Result "1-0"]
[WhiteElo "1100"]
[BlackElo "1139"]
[PlyCount "43"]
[EventDate "2011.??.??"]
[EventType "tourn (corr)"]
[EventRounds "4"]
[SourceTitle "Telechess CBM 149"]
[Source "ChessBase"]
[SourceDate "2012.07.17"]
[SourceVersion "1"]
[SourceVersionDate "2012.07.17"]
[SourceQuality "1"]
[BlackTeam "US of America"]
[BlackTeamCountry "USA"]

1. e4 e5 2. Nf3 Nc6 3. d4 exd4 4. c3 dxc3 5. Nxc3 Bb4 6. Bd2 d6 7. Bc4 Nf6 8. Qe2 0-0 9. a3 Bxc3 10. Bxc3 Re8 11. Ng5 Be6 12. Nxe6 fxe6 13. Bxf6 gxf6 14. Qg4+ Kh8 15. Bxe6 Nd4 16. Bf7 Rf8 17. 0-0-0 Rxf7 18. Rxd4 c5 19. Rd5 Qe7 20. Rhd1 Rd8 21. Qf4 Rg7 22. g3 1-0

[Event "IECC CL7-2011.05 email"]
[Site "IECC email"]
[Date "2011.09.09"]
[Round "?"]
[White "Butcher, Robert Evan Sr"]
[Black "Campbell, Graham G"]
[Result "0-1"]
[WhiteElo "1100"]
[BlackElo "1116"]
[PlyCount "86"]
[EventDate "2011.??.??"]
[EventType "tourn (corr)"]
[EventRounds "4"]
[SourceTitle "Telechess CBM 149"]
[Source "ChessBase"]
[SourceDate "2012.07.17"]
[SourceVersion "1"]
[SourceVersionDate "2012.07.17"]
[SourceQuality "1"]
[BlackTeam "US of America"]
[BlackTeamCountry "USA"]

1. e4 e5 2. d4 exd4 3. c3 dxc3 4. Nxc3 Bb4 5. Qd4 Bxc3+ 6. Qxc3 f6 7. Bf4 d6 8. Bc4 Qe7 9. f3 Nc6 10. Ne2 Bd7 11. 0-0 0-0-0 12. b4 Ne5 13. Qd4 Nxc4 14. Qxc4 a6 15. a4 Qe6 16. Qd4 Ne7 17. Qa7 Bc6 18. Nd4 Qc4 19. b5 axb5 20. axb5 Bxb5 21. Rfc1 Qb4 22. Ne6 Nc6 23. Qa8+ Kd7 24. Nxd8 Nxd8 25. Qb8 Qd4+ 26. Kh1 Qb6 27. h4 Nf7 28. Qa7 Qxa7 29. Rxa7 Bc6 30. g4 Ne5 31. Kg2 Nd3 32. Rxc6 Kxc6 33. Be3 Rb8 34. f4 b5 35. Ra3 Nc5 36. Kf3 b4 37. Ra1 b3 38. Bd4 b2 39. Rb1 Na4 40. Ke3 Kd7 41. Kd3 c5 42. Be3 Rb3+ 43. Ke2 Nc3+ 0-1

[Event "IECC CL7-2011.04 email"]
[Site "IECC email"]
[Date "2011.07.26"]
[Round "?"]
[White "Fodor, Csaba"]
[Black "Butcher, Robert Evan Sr"]
[Result "1-0"]
[WhiteElo "1105"]
[BlackElo "1113"]
[PlyCount "63"]
[EventDate "2011.??.??"]
[EventType "tourn (corr)"]
[EventRounds "4"]
[SourceTitle "Telechess CBM 149"]
[Source "ChessBase"]
[SourceDate "2012.07.17"]
[SourceVersion "1"]
[SourceVersionDate "2012.07.17"]
[SourceQuality "1"]
[WhiteTeam "Hungary"]
[WhiteTeamCountry "HUN"]

1. e4 c5 2. Nf3 Nc6 3. d4 cxd4 4. Nxd4 Nf6 5. Nc3 e5 6. Ndb5 d6 7. Bg5 Be7 8. Bxf6 Bxf6 9. Qxd6 Qxd6 10. Nxd6+ Kd7 11. Nxf7 Re8 12. Nd5 Rb8 13. h4 Nd4 14. c3 Nc2+ 15. Kd1 Nxa1 16. Bb5+ Ke6 17. Bxe8 Bd7 18. Ng5+ Bxg5 19. Bxd7+ Kxd7 20. hxg5 Rh8 21. Kd2 h6 22. gxh6 gxh6 23. Rxa1 Rg8 24. Rh1 Rxg2 25. Ke3 Rg6 26. Rd1 Ke6 27. f4 Rg3+ 28. Kf2 Rh3 29. Kg2 Rh4 30. Kg3 Rh5 31. c4 exf4+ 32. Nxf4+ 1-0

[Event "IECC P-4688"]
[Site "IECC email"]
[Date "2011.02.06"]
[Round "?"]
[White "Butcher, Robert Evan Sr"]
[Black "Bearce, Harold L"]
[Result "1-0"]
[WhiteElo "1035"]
[BlackElo "1115"]
[PlyCount "31"]
[EventDate "2011.??.??"]
[EventType "match (corr)"]
[SourceTitle "Corr 2013"]
[Source "ChessBase"]
[SourceDate "2012.11.12"]
[SourceVersion "1"]
[SourceVersionDate "2012.11.12"]
[SourceQuality "1"]
[WhiteTeam "Wales"]
[BlackTeam "India"]
[WhiteTeamCountry "WLS"]
[BlackTeamCountry "IND"]

1. e4 e5 2. Bc4 Nf6 3. d3 Nc6 4. Nc3 Bc5 5. Bg5 a6 6. Nf3 0-0 7. Nd5 b5 8. Nxf6+ gxf6 9. Bh6 Re8 10. d4 Bf8 11. Bxf8 Rxf8 12. Bd5 Qe7 13. Nh4 Kh8 14. Qh5 Rb8 15. Nf5 d6 16. Nxe7 1-0

[Event "IECC CL7-2010.04 email"]
[Site "IECC email"]
[Date "2010.06.29"]
[Round "?"]
[White "Butcher, Robert Evan Sr"]
[Black "Nikolic, Dejan"]
[Result "1-0"]
[WhiteElo "1053"]
[BlackElo "1048"]
[PlyCount "63"]
[EventDate "2010.??.??"]
[EventType "tourn (corr)"]
[EventRounds "4"]
[SourceTitle "Telechess CBM 149"]
[Source "ChessBase"]
[SourceDate "2012.07.17"]
[SourceVersion "1"]
[SourceVersionDate "2012.07.17"]
[SourceQuality "1"]
[BlackTeam "SCG"]

1. e4 e5 2. Bc4 Nf6 3. Nc3 Nc6 4. Nf3 Bc5 5. Ng5 0-0 6. d3 d6 7. 0-0 h6 8. Nf3 a6 9. Bd2 Be6 10. Nd5 Bxd5 11. Bxd5 Nxd5 12. exd5 Ne7 13. c3 Nxd5 14. d4 exd4 15. cxd4 Bb6 16. Re1 Qd7 17. a3 Rfe8 18. Qc2 Rxe1+ 19. Rxe1 Re8 20. Rxe8+ Qxe8 21. h3 Qe2 22. b4 Nf6 23. Qf5 Ne4 24. Be3 Qd1+ 25. Kh2 Nf6 26. Qc8+ Kh7 27. Qxb7 Qa4 28. Qc8 Qxa3 29. Nh4 Qxb4 30. Qf8 Qb1 31. Qxf7 a5 32. g4 1-0

[Event "P-4617"]
[Site "IECC email"]
[Date "2010.02.12"]
[Round "?"]
[White "Butcher, Robert Evan Sr"]
[Black "Hodges, Peter F"]
[Result "0-1"]
[WhiteElo "1056"]
[BlackElo "1146"]
[PlyCount "46"]
[EventDate "2010.??.??"]
[EventType "tourn (corr)"]
[SourceTitle "Telechess CBM 149"]
[Source "ChessBase"]
[SourceDate "2012.07.17"]
[SourceVersion "1"]
[SourceVersionDate "2012.07.17"]
[SourceQuality "1"]
[BlackTeam "England"]
[BlackTeamCountry "ENG"]

1. e4 Nf6 2. e5 Nd5 3. c4 Nb6 4. c5 Nd5 5. Bc4 e6 6. d4 b6 7. Nc3 bxc5 8. Nxd5 exd5 9. Bxd5 c6 10. Bc4 cxd4 11. Qxd4 d5 12. Bb3 Qb6 13. Ne2 Bc5 14. Qf4 Ba6 15. Be3 Bxe2 16. Kxe2 0-0 17. Rac1 Nd7 18. Rhe1 Qb5+ 19. Kf3 f6 20. Kg3 fxe5 21. Qg5 Rf6 22. Qh5 Rg6+ 23. Kf3 Rf8+ 0-1

[Event "IECC CL7-2010.01 email"]
[Site "IECC email"]
[Date "2010.02.08"]
[Round "?"]
[White "Butcher, Robert Evan Sr"]
[Black "Foletta, Ian"]
[Result "1-0"]
[WhiteElo "1033"]
[BlackElo "1012"]
[PlyCount "25"]
[EventDate "2010.??.??"]
[EventType "tourn (corr)"]
[EventRounds "4"]
[SourceTitle "Corr 2013"]
[Source "ChessBase"]
[SourceDate "2012.11.12"]
[SourceVersion "1"]
[SourceVersionDate "2012.11.12"]
[SourceQuality "1"]
[WhiteTeam "England"]
[BlackTeam "England"]
[WhiteTeamCountry "ENG"]
[BlackTeamCountry "ENG"]

1. e4 e5 2. Nf3 Nc6 3. d4 exd4 4. Bc4 Nf6 5. Bg5 Bc5 6. e5 d5 7. Bb5 0-0 8. 0-0 Qe8 9. exf6 gxf6 10. Bxf6 Bd7 11. Ng5 Ne5 12. Qh5 Bf5 13. Qh6 1-0

[Event "IECC CL7-2009.08 email"]
[Site "IECC email"]
[Date "2010.01.06"]
[Round "?"]
[White "Butcher, Robert Evan Sr"]
[Black "Buckle, Rodney"]
[Result "1/2-1/2"]
[WhiteElo "2006"]
[BlackElo "1190"]
[PlyCount "69"]
[EventDate "2009.??.??"]
[EventType "tourn (corr)"]
[EventRounds "4"]
[SourceTitle "Telechess CBM 137"]
[Source "ChessBase"]
[SourceDate "2010.07.15"]
[SourceVersion "1"]
[SourceVersionDate "2010.07.15"]
[SourceQuality "1"]
[BlackTeam "England"]
[BlackTeamCountry "ENG"]

1. e4 e5 2. Nf3 Nf6 3. Nc3 Nc6 4. Bc4 Bc5 5. d3 0-0 6. Bg5 h6 7. Bh4 d6 8. Nd5 g5 9. Nxg5 Nxd5 10. Bxd5 hxg5 11. Bg3 Ne7 12. Bc4 c6 13. Qh5 d5 14. Qxg5+ Ng6 15. Qxd8 Rxd8 16. exd5 cxd5 17. Bb3 Nf4 18. 0-0-0 Ne2+ 19. Kb1 Nxg3 20. hxg3 Bxf2 21. Rdf1 Bxg3 22. Rf3 Bf4 23. g3 Bg4 24. Rf2 Bxg3 25. Rff1 f5 26. Rhg1 Bf4 27. d4 Kh7 28. Rh1+ Kg6 29. dxe5 Bxe5 30. Rhg1 Kg5 31. Re1 Kf6 32. Ref1 Be2 33. Re1 Bf3 34. Rgf1 Bg2 35. Rg1 1/2-1/2

[Event "IECC KO-1076"]
[Site "IECC email"]
[Date "2009.05.29"]
[Round "?"]
[White "Butcher, Robert Evan Sr"]
[Black "Petty, Brynn"]
[Result "1-0"]
[WhiteElo "1048"]
[BlackElo "1000"]
[PlyCount "67"]
[EventDate "2009.??.??"]
[EventType "match (corr)"]
[EventRounds "2"]
[SourceTitle "Telechess CBM 149"]
[Source "ChessBase"]
[SourceDate "2012.07.17"]
[SourceVersion "1"]
[SourceVersionDate "2012.07.17"]
[SourceQuality "1"]
[BlackTeam "England"]
[BlackTeamCountry "ENG"]

1. e4 d5 2. d4 b6 3. Nc3 Nf6 4. Bf4 e6 5. Bd3 Bb4 6. e5 Ng4 7. Qxg4 Nc6 8. Qxg7 Qh4 9. g3 Qe7 10. Qxh8+ Kd7 11. Qxh7 Nxd4 12. 0-0-0 Bxc3 13. bxc3 Qa3+ 14. Kd2 Qxa2 15. Qxf7+ Kc6 16. cxd4 a5 17. Qe8+ Kb7 18. Ne2 Qa3 19. Nc3 Qb4 20. Bb5 Qxd4+ 21. Bd3 Qxf2+ 22. Kc1 c6 23. Qe7+ Kb8 24. Rhe1 Qd4 25. Be3 Qxc3 26. Bxb6 Qa3+ 27. Qxa3 Ra7 28. Qd6+ Ka8 29. Bxa7 Kxa7 30. Qxc6 Bb7 31. Qc7 a4 32. Kd2 Ka8 33. Rb1 a3 34. Qxb7# 1-0

[Event "IECC CL8-2009.03 email"]
[Site "IECC email"]
[Date "2009.05.20"]
[Round "?"]
[White "Butcher, Robert Evan Sr"]
[Black "Cunningham, Don"]
[Result "0-1"]
[WhiteElo "1031"]
[BlackElo "960"]
[PlyCount "99"]
[EventDate "2009.??.??"]
[EventType "tourn (corr)"]
[EventRounds "4"]
[SourceTitle "Corr 2011"]
[Source "ChessBase"]
[SourceDate "2010.08.31"]
[SourceVersion "1"]
[SourceVersionDate "2010.08.31"]
[SourceQuality "1"]
[WhiteTeam "US of America"]
[BlackTeam "US of America"]
[WhiteTeamCountry "USA"]
[BlackTeamCountry "USA"]

1. e4 Nf6 2. Nc3 Nc6 3. d4 d5 4. Bf4 Nxe4 5. Nxe4 dxe4 6. Bb5 a6 7. Bxc6+ bxc6 8. Ne2 e6 9. 0-0 Rb8 10. b3 c5 11. c3 Be7 12. Ng3 cxd4 13. cxd4 Rb4 14. Be5 f6 15. Bf4 Rxd4 16. Qc2 e5 17. Be3 Rd3 18. Qc6+ Kf8 19. Qxe4 c5 20. Nh5 g6 21. Bh6+ Kf7 22. Ng3 Rd4 23. Qc2 g5 24. Nf5 Rf4 25. Ne3 Rh4 26. Nf5 Rf4 27. Ng3 Rh4 28. Nf5 Bxf5 29. Qxf5 Rxh6 30. Rae1 Qc7 31. Qc2 Rd8 32. Qc4+ Kf8 33. Re3 Rh4 34. Re4 Rd4 35. Rxd4 Rxd4 36. Qc2 Qa5 37. a4 Qc7 38. Qxh7 c4 39. bxc4 Rxc4 40. Qh8+ Kf7 41. Qh7+ Ke6 42. Rd1 Rd4 43. Qb1 Qd7 44. Qb3+ Qd5 45. Qxd5+ Rxd5 46. Rxd5 Kxd5 47. g3 g4 48. Kg2 Kc5 49. f4 Kb4 50. fxe5 0-1

[Event "IECC CL8-2009.03 email"]
[Site "IECC email"]
[Date "2009.05.20"]
[Round "?"]
[White "Mitchell, TT."]
[Black "Butcher, Robert Evan Sr"]
[Result "0-1"]
[WhiteElo "1018"]
[BlackElo "994"]
[PlyCount "32"]
[EventDate "2009.??.??"]
[EventType "tourn (corr)"]
[EventRounds "4"]
[SourceTitle "Corr 2011"]
[Source "ChessBase"]
[SourceDate "2010.08.31"]
[SourceVersion "1"]
[SourceVersionDate "2010.08.31"]
[SourceQuality "1"]
[WhiteTeam "US of America"]
[BlackTeam "US of America"]
[WhiteTeamCountry "USA"]
[BlackTeamCountry "USA"]

1. e4 e5 2. Nf3 Nc6 3. c3 Bc5 4. Bd3 Nf6 5. 0-0 d6 6. h3 h6 7. b4 Bb6 8. Na3 g5 9. Nc4 Nh5 10. Nxb6 cxb6 11. Nh2 Nf4 12. Bc4 h5 13. a4 g4 14. hxg4 Qh4 15. g3 Qh3 16. gxf4 hxg4 0-1

[Event "IECC CL8-2009.03 email"]
[Site "IECC email"]
[Date "2009.05.20"]
[Round "?"]
[White "Robertson, John"]
[Black "Butcher, Robert Evan Sr"]
[Result "0-1"]
[WhiteElo "1069"]
[BlackElo "1012"]
[PlyCount "138"]
[EventDate "2009.??.??"]
[EventType "tourn (corr)"]
[EventRounds "4"]
[SourceTitle "Corr 2011"]
[Source "ChessBase"]
[SourceDate "2010.08.31"]
[SourceVersion "1"]
[SourceVersionDate "2010.08.31"]
[SourceQuality "1"]
[WhiteTeam "Australia"]
[BlackTeam "US of America"]
[WhiteTeamCountry "AUS"]
[BlackTeamCountry "USA"]

1. e4 e5 2. Nf3 Nc6 3. Bb5 Nf6 4. 0-0 Bc5 5. h3 h6 6. Bxc6 dxc6 7. c3 g5 8. Nxe5 h5 9. d4 Bb6 10. Bxg5 Rg8 11. Bxf6 Qxf6 12. Qxh5 Be6 13. Nd2 0-0-0 14. Ndf3 Rh8 15. Qg5 Qxg5 16. Nxg5 Rdg8 17. Nxe6 fxe6 18. Rae1 Rxh3 19. Re3 Rh6 20. g3 Rgh8 21. Kg2 Rh2+ 22. Kf3 Rf8+ 23. Kg4 Kd8 24. Rf3 Rg8+ 25. Kf4 Rf8+ 26. Ke3 Rxf3+ 27. Nxf3 Rh5 28. e5 a5 29. a4 Kd7 30. c4 c5 31. dxc5 Bxc5+ 32. Kd3 c6 33. Kc3 Ba7 34. Re1 Bxf2 35. Rd1+ Ke7 36. g4 Rh3 37. Rd3 Ba7 38. g5 Rg3 39. Kb3 Bb8 40. Kc3 b6 41. b4 axb4+ 42. Kxb4 c5+ 43. Kb5 Bc7 44. Kc6 Bd8 45. Rxd8 Kxd8 46. Nd2 Rxg5 47. Kxb6 Rxe5 48. a5 Kc8 49. a6 Kb8 50. a7+ Ka8 51. Nb3 Rh5 52. Na5 e5 53. Kxc5 e4+ 54. Kd4 Rxa5 55. Kxe4 Kxa7 56. Kd4 Kb7 57. c5 Kc6 58. Kc4 Rxc5+ 59. Kd4 Kd6 60. Ke3 Ke5 61. Kf3 Kf5 62. Ke3 Rd5 63. Kf3 Rd3+ 64. Ke2 Ke4 65. Kf2 Re3 66. Kg2 Rf3 67. Kh2 Kf4 68. Kg2 Kg4 69. Kh2 Rf2+ 0-1

[Event "IECC CL8-2009.02 email"]
[Site "IECC email"]
[Date "2009.05.16"]
[Round "?"]
[White "Ballueder, Volker"]
[Black "Butcher, Robert Evan Sr"]
[Result "0-1"]
[WhiteElo "936"]
[BlackElo "961"]
[PlyCount "52"]
[EventDate "2009.??.??"]
[EventType "tourn (corr)"]
[EventRounds "4"]
[SourceTitle "Corr 2011"]
[Source "ChessBase"]
[SourceDate "2010.08.31"]
[SourceVersion "1"]
[SourceVersionDate "2010.08.31"]
[SourceQuality "1"]
[WhiteTeam "England"]
[BlackTeam "US of America"]
[WhiteTeamCountry "ENG"]
[BlackTeamCountry "USA"]

1. d4 d5 2. Nf3 Nc6 3. Nc3 Nf6 4. Bg5 Bf5 5. e3 e6 6. Bb5 Bd6 7. 0-0 h6 8. Bxf6 Qxf6 9. h3 g5 10. Bxc6+ bxc6 11. Re1 h5 12. e4 dxe4 13. Nxe4 Bxe4 14. Rxe4 0-0-0 15. Re1 g4 16. hxg4 hxg4 17. Nd2 Qh4 18. Kf1 Qh1+ 19. Ke2 Qxg2 20. Rf1 g3 21. Ke1 gxf2+ 22. Rxf2 Bg3 23. Qe2 Rh1+ 24. Nf1 Rxd4 25. c3 Bxf2+ 26. Qxf2 Re4+ 0-1

[Event "IECC CL8-2009.02 email"]
[Site "IECC email"]
[Date "2009.05.16"]
[Round "?"]
[White "Butcher, Robert Evan Sr"]
[Black "Lynskey, Mary Anne"]
[Result "1-0"]
[WhiteElo "989"]
[BlackElo "987"]
[PlyCount "51"]
[EventDate "2009.??.??"]
[EventType "tourn (corr)"]
[EventRounds "4"]
[SourceTitle "Corr 2011"]
[Source "ChessBase"]
[SourceDate "2010.08.31"]
[SourceVersion "1"]
[SourceVersionDate "2010.08.31"]
[SourceQuality "1"]
[WhiteTeam "US of America"]
[BlackTeam "US of America"]
[WhiteTeamCountry "USA"]
[BlackTeamCountry "USA"]

1. e4 e5 2. Nf3 d6 3. Bc4 Nf6 4. Nc3 Nc6 5. d3 Bg4 6. Be3 Na5 7. Qe2 Nxc4 8. dxc4 Be7 9. h3 Bd7 10. 0-0-0 0-0 11. Ng5 h6 12. h4 hxg5 13. hxg5 Ng4 14. Nd5 Bxg5 15. Bxg5 Qxg5+ 16. Kb1 c6 17. Nc3 Qf6 18. f3 Nh6 19. Rh2 a5 20. Rdh1 Qf4 21. Qf2 Be6 22. Ne2 Qd2 23. Qg3 Qxe2 24. Rxh6 f6 25. Qg6 Bxc4 26. Rh8# 1-0

[Event "IECC M1-2009.T49"]
[Site "IECC email"]
[Date "2009.05.03"]
[Round "?"]
[White "Vann, Robin"]
[Black "Butcher, Robert Evan Sr"]
[Result "1-0"]
[WhiteElo "1541"]
[BlackElo "2006"]
[PlyCount "55"]
[EventDate "2009.??.??"]
[EventType "match (corr)"]
[EventRounds "2"]
[SourceTitle "Telechess CBM 137"]
[Source "ChessBase"]
[SourceDate "2010.07.15"]
[SourceVersion "1"]
[SourceVersionDate "2010.07.15"]
[SourceQuality "1"]
[WhiteTeam "England"]
[WhiteTeamCountry "ENG"]

1. e4 e5 2. Nf3 Nc6 3. Bb5 d6 4. d4 Bd7 5. Nc3 Nf6 6. 0-0 Qe7 7. Bg5 0-0-0 8. Nd5 Qe8 9. Nxf6 gxf6 10. Bxf6 Rg8 11. Bxd8 Nxd8 12. Bxd7+ Qxd7 13. c3 Qg4 14. g3 h5 15. dxe5 h4 16. Qd3 Be7 17. Nd4 c6 18. Qf3 Qxf3 19. Nxf3 hxg3 20. hxg3 Ne6 21. exd6 Bxd6 22. Nd4 Nc5 23. e5 Bxe5 24. Rad1 Ne4 25. Nf5 Bf6 26. Nd6+ Nxd6 27. Rxd6 Kc7 28. Rxf6 1-0